Sistema multimedia de promoción turística nicaragüense
Presenta una oferta novedosa en cuanto a los lugares de mayor interés turístico y cultural del país, combinando hipertexto, fotografías, videos, sonido y toda la información escrita y hablada acerca de los lugares más propicios para el turismo nacional e internacional, con el ánimo de ampliar...
| Main Author: | |
|---|---|
| Other Authors: | |
| Format: | Tesis Section = Libro |
| Language: | Undetermined Spanish |
| Published: |
Managua
UNI
1999
|
| Subjects: |
| LEADER | 01203nam a2200229Ia 4500 | ||
|---|---|---|---|
| 008 | 240830s9999 xx 000 0 und d | ||
| 040 | |a BIBLIOTECA-RUSB/ Mon 003 G216 | ||
| 041 | |a spa | ||
| 082 | |a Mon 003 G216 | ||
| 100 | 1 | |a García Meléndez, Grethell María | |
| 245 | 1 | 0 | |a Sistema multimedia de promoción turística nicaragüense |
| 260 | |a Managua |b UNI |c 1999 | ||
| 300 | |a 99 p. :il. | ||
| 500 | |a Contiene: apéndices. | ||
| 502 | |a Tesis (Ingeniero en Computación) - UNI, 1999. | ||
| 520 | 3 | |a Presenta una oferta novedosa en cuanto a los lugares de mayor interés turístico y cultural del país, combinando hipertexto, fotografías, videos, sonido y toda la información escrita y hablada acerca de los lugares más propicios para el turismo nacional e internacional, con el ánimo de ampliar el potencial de este mercado. Para una mejor manipulación del usuario final, este está grabado en CD-ROM. Abarca: Pre - Análisis, Diseño, Implementación, Estimación Costo - Beneficio, Conclusiones y Recomendaciones. | |
| 650 | 7 | |a SISTEMAS | |
| 650 | 7 | |b TURISMO - NICARAGUA | |
| 700 | 1 | |a Tutor: |b Quintana Bonilla, Marisela | |
| 942 | |c BK |2 ddc | ||
| 991 | |a TESIS | ||
| 999 | |c 19581 | ||